| 000 | 00910nam a2200253 i 4500 | ||
|---|---|---|---|
| 001 | 131204 | ||
| 003 | ES-MaACL | ||
| 005 | 20260113113331.0 | ||
| 007 | t| | ||
| 008 | 070214q1915 sp |||| | spa d | ||
| 080 | _a821.134.2(899)-4"18" | ||
| 100 | 1 |
_aRodó, José Enrique _d1871-1917 _998152 |
|
| 245 | 1 | 0 |
_aCinco ensayos / _cJosé Enrique Rodó. |
| 260 |
_aMadrid : _bSociedad Española de Librería, _c[ca. 1915] ( _fImp. de J. Pueyo) |
||
| 300 |
_a414 p. ; _c20 cm. |
||
| 490 | 1 |
_aBiblioteca Andrés Bello ; _v4 |
|
| 505 | 8 | _aContiene: Montalvo ; Ariel ; Bolívar ; Rubén Darío ; Liberalísmo y Jacobinismo | |
| 530 | _aDisponible en formato digital. | ||
| 830 | 0 |
_aBiblioteca Andrés Bello ; _v4 _9182215 |
|
| 852 |
_aES-MaACL _jG-15819 _cSPD3 |
||
| 856 | 4 |
_uhttp://bdh-rd.bne.es/viewer.vm?id=0000043276&page=1 _y(Biblioteca Digital Hispánica) |
|
| 942 | _2udc | ||
| 999 |
_c131204 _d131204 |
||